02371nam a2200457 a 450000100100000000500170001000800410002702000150006802000220008302000220010502000220012702000220014904000250017108200130019624500440020926000550025330000240030849000650033250000540039750504620045170000320091370000430094570000310098870000370101970000320105670000310108870000280111970000390114770000320118670000350121870000380125370000360129170000320132783000720135904900090143195201140144095201140155495201140166895201140178299900170189600002572820200930024013.0110221s1986 ck a r 001 0 spa d a9589028225 a9589028241 (t. 2) a958902825x (t. 3) a9589028276 (t. 5) a9589028284 (t. 6) aDO-SdBNPbspacBNPHU ann*bnn*00aBiografía de los constituyentes 1886. aBogotá, D. F. :bBanco de la República,c1986. av. :bil. ;c20 cm.1 aBibliográfica Banco de la República. Historia Colombiana aLa biblioteca sólo posee los tomos 2, 3, 5 y 6.0 gT. 2.rJuan de Dios Ulloa, Guillermo Quintero Calderón y Antonio Carreño.tLas condiciones económico-sociales 1 --gT. 3.rMiguel A. Vives Arrantia, Juan Campo Serrano, Roberto Sarmiento y Acisclo Molano.tLas condiciones económico-sociales 2 --gT. 5.rJose Maria Samper Agudelo, Felipe Fermin Paul y Carlos Calderon Reyes.tDebate constitucional 2 --gT. 6.rJose Maria Campo Serrano, Simon de Herrera Leyva y Jose Laborde Ariza.tLos Admiradores.1 aUlloa, Juan de Dios.9525011 aQuintero Calderón, Guillermo.9525021 aCarreño, Antonio.9525031 aVives Orrantia, Miguel A.9525041 aCampo Serrano, Juan.9525051 aSarmiento, Roberto.9525061 aMolano, Acisclo.9525071 aSamper Agudelo, Jose Maria.9525081 aFermin Paul, Felipe.9525091 aCalderon Reyes, Carlos.9525101 aCampo Serrano, Jose Maria.9525111 aHerrera Leyva, Simon de.9525121 aLaborde Ariza, Jose.952513 0aBibliográfica Banco de la RepúblicapHistoria Colombiana934839 aBNGR 001054708MOaGRbGRcCTd2011-02-21iLF1l0ot. 2p25728-10r2020-06-25w2020-06-25y4ZPréstamo en sala 001054708MOaGRbGRcCTd2011-02-21iLF1l0ot. 3p25728-20r2020-06-25w2020-06-25y4ZPréstamo en sala 001054708MOaGRbGRcCTd2011-02-21iLF1l0ot. 5p25728-30r2020-06-25w2020-06-25y4ZPréstamo en sala 001054708MOaGRbGRcCTd2011-02-21iLF1l0ot. 6p25728-40r2020-06-25w2020-06-25y4ZPréstamo en sala c25220d25220